000 00544nam a2200193Ia 4500
008 151121s9999||||xx |||||||||||||| ||und||
082 _a813/कदम
082 _bHNW-69823
100 _aकदम बाबा
245 _aपद्मश्री
260 _b"मधुराज प्रकाशन, पुणे।"
260 _c--
300 _a156
600 _aकदम बाबा
630 _aपद्मश्री
700 _aकदम बाबा
730 _aपद्मश्री
942 _cBOOK
999 _c1251303
_d1251300